007560000a220009700045001000021000002450072000213000036000935200472001296500022006017730035006231 aAnderson, Kevin.10aThe whole church: statement of the lausanne theology working group. aVo.34, no.1 (jun., 2010),p.4-13 aEl punto de partida para nuestra eclesiología debe ser el mismo que para la teología de la misión y para nuestra comprensión del mundo. La Misión, la iglesia y el mundo pertenecen a Dios. El concepto de missio Dei nos recuerda nuestra misión y los flujos de la misión de Dios. Del mismo modo, el concepto de eclessia dei nos recuerda que la iglesia deriva su identidad y el propósito del Dios que nos llamó y nos creó como pueblo para sí mismo.14aMISION-TEOLOGÍA0 tEvangelical Review of Theology